[Event "Klub Kölner SF 1 - DJK Aufwärts Aachen "]
[Site "Oberliga NRW 2015/2016"]
[Date "2015.10.25"]
[Round "2.6"]
[White "Bonnmann, Reinhard"]
[Black "Lenaerts, Lennert"]
[Result "1-0"]
[WhiteElo "2237"]
[BlackElo "2252"]
[PlyCount "159"]
[EventDate "2015.??.??"]
[WhiteTeam "Klub Kölner SF 1"]
[BlackTeam "DJK Aufwärts Aachen 2"]

1. d4 d5 2. Nf3 Nf6 3. g3 h6 4. c4 c6 5. Qc2 dxc4 6. Bg2 b5 7. O-O e6 8. a4 Bb7
9. Rd1 Be7 10. Ne5 Qc8 11. b3 cxb3 12. Qxb3 a6 13. Ba3 Qc7 14. Nc3 O-O 15. Rdc1
Bxa3 16. Qxa3 Nbd7 17. Nd3 Qb6 18. e3 a5 19. axb5 cxb5 20. Na4 Qa7 21. Rc7 bxa4
22. Rxb7 Qa6 23. Nc5 Nxc5 24. dxc5 Nd5 25. Bxd5 exd5 26. Rb6 Qc4 27. Rc1 Qg4
28. c6 Rfc8 29. Ra1 Rc7 30. Qd6 Rac8 31. Qxd5 Qg6 32. Rc1 Kh7 33. h4 Qf6 34.
Qe4+ g6 35. Qxa4 h5 36. Rc5 Rd8 37. Qf4 Qxf4 38. gxf4 Rdc8 39. f5 a4 40. fxg6+
fxg6 41. Kg2 Ra8 42. Rb7 Rxb7 43. cxb7 Rb8 44. Rb5 a3 45. Kg3 Kg7 46. e4 a2 47.
Ra5 Rxb7 48. Rxa2 Rb1 49. f3 Kf6 50. Ra6+ Kg7 51. Ra7+ Kf6 52. Kf4 Re1 53. Ra6+
Kg7 54. Re6 Ra1 55. e5 Kf7 56. Rf6+ Kg7 57. Rd6 Kf7 58. Kg5 Rg1+ 59. Kh6 Rg3
60. f4 Rg4 61. Rf6+ Ke7 62. Rxg6 Rxf4 63. Kxh5 Rf5+ 64. Rg5 Rf4 65. Rg7+ Kf8
66. Rg4 Rf5+ 67. Rg5 Rf4 68. e6 Ke7 69. Re5 Rf6 70. Kg5 Rf8 71. h5 Rg8+ 72. Kh6
Rg1 73. Rg5 Ra1 74. Kg7 Kxe6 75. h6 Ra7+ 76. Kg6 Ra8 77. h7 Rd8 78. Kg7 Rd7+
79. Kh6 Rd8 80. Rg8 1-0

[Event "Klub Kölner SF 1 - DJK Aufwärts Aachen "]
[Site "Oberliga NRW 2015/2016"]
[Date "2015.10.25"]
[Round "2.7"]
[White "Tochtenhagen, Wolfgang"]
[Black "Wisskirchen, Andreas"]
[Result "1/2-1/2"]
[WhiteElo "2080"]
[BlackElo "2188"]
[PlyCount "36"]
[EventDate "2015.??.??"]
[WhiteTeam "DJK Aufwärts Aachen 2"]
[BlackTeam "Klub Kölner SF 1"]

1. e4 c5 2. Nf3 d6 3. d4 cxd4 4. Nxd4 Nf6 5. Nc3 g6 6. Be3 Bg7 7. f3 O-O 8. Bc4
Nc6 9. Qd2 Nxd4 10. Bxd4 Be6 11. Bb3 Qa5 12. O-O-O Rfc8 13. Kb1 b5 14. Bxf6
Bxf6 15. Nd5 Qxd2 16. Nxf6+ Kg7 17. Nh5+ gxh5 18. Rxd2 Rc5 1/2-1/2

[Event "Klub Kölner SF 1 - DJK Aufwärts Aachen "]
[Site "Oberliga NRW 2015/2016"]
[Date "2015.10.25"]
[Round "2.8"]
[White "Meertens, Martin"]
[Black "Alienkin, Aleksander"]
[Result "1-0"]
[WhiteElo "2101"]
[BlackElo "2380"]
[PlyCount "93"]
[EventDate "2015.??.??"]
[WhiteTeam "Klub Kölner SF 1"]
[BlackTeam "DJK Aufwärts Aachen 2"]

1. e4 e6 2. d4 d5 3. Nc3 Nf6 4. e5 Nfd7 5. f4 c5 6. Nf3 Nc6 7. Be3 Be7 8. Qd2
a6 9. Be2 O-O 10. O-O b5 11. a3 Bb7 12. Nd1 f6 13. c3 fxe5 14. fxe5 cxd4 15.
cxd4 Na5 16. Qe1 Nc4 17. Bd3 Qb6 18. b3 Nxe3 19. Qxe3 Rf7 20. Nc3 Raf8 21. b4
Qa7 22. Ne2 Nb6 23. Ng5 Bxg5 24. Qxg5 Bc6 25. Nf4 Qe7 26. Qg4 Bd7 27. Rf3 g6
28. Raf1 Rf5 29. Bxf5 Rxf5 30. Nd3 Nc4 31. Rxf5 exf5 32. Qf3 Be6 33. Ra1 Bf7
34. Nc5 Nd2 35. Qf4 Ne4 36. Rc1 Be6 37. h4 Bf7 38. Nxe4 dxe4 39. Rc8+ Kg7 40.
Rc5 Qd7 41. Qd2 Qe7 42. Qg5 Qd7 43. d5 Bxd5 44. Qd2 Qe7 45. Rxd5 Qxh4 46. Rd7+
Kh8 47. Qc3 1-0

[Event "SV Letmathe 1 - SV Wattenscheid 1"]
[Site "Oberliga NRW 2015/2016"]
[Date "2015.10.25"]
[Round "2.1"]
[White "Kerigan, Demre"]
[Black "Podzielny, Karl-Heinz"]
[Result "0-1"]
[WhiteElo "2386"]
[BlackElo "2320"]
[PlyCount "54"]
[EventDate "2015.??.??"]
[WhiteTeam "SV Wattenscheid 1"]
[BlackTeam "SV Letmathe 1"]

1. e4 c5 2. Nf3 e6 3. d4 cxd4 4. Nxd4 a6 5. Nc3 Qc7 6. Bd3 Nf6 7. f4 d6 8. Qf3
g6 9. Be3 Bg7 10. O-O Nbd7 11. Nb3 O-O 12. a4 b6 13. Rad1 Bb7 14. Qh3 Rfe8 15.
Qh4 Rac8 16. Nd2 Qb8 17. Nf3 h5 18. h3 Rxc3 19. bxc3 Nxe4 20. Bd4 Nxc3 21. Bxg7
Kxg7 22. f5 Nxd1 23. fxg6 f6 24. Ng5 Qc7 25. Qxh5 Qc5+ 26. Kh1 Nf8 27. Rxf6
Nf2+ 0-1

[Event "SV Letmathe 1 - SV Wattenscheid 1"]
[Site "Oberliga NRW 2015/2016"]
[Date "2015.10.25"]
[Round "2.2"]
[White "Kolosowski, Mateusz"]
[Black "Hopman, Pieter"]
[Result "1-0"]
[WhiteElo "2426"]
[BlackElo "2319"]
[PlyCount "79"]
[EventDate "2015.??.??"]
[WhiteTeam "SV Letmathe 1"]
[BlackTeam "SV Wattenscheid 1"]

1. e4 d6 2. d4 Nf6 3. Nc3 e5 4. Nf3 Nbd7 5. Bc4 Be7 6. O-O O-O 7. a4 c6 8. Ba2
a5 9. h3 exd4 10. Nxd4 Nc5 11. Qf3 Qb6 12. Rd1 Qb4 13. Bf4 Bd7 14. e5 dxe5 15.
Bxe5 Rad8 16. Nce2 Nxa4 17. b3 Nb6 18. Bc7 Nbd5 19. c3 Qc5 20. Bxd8 Bxd8 21.
Bb1 g6 22. Ra2 Bc8 23. Rad2 Nd7 24. c4 N5b6 25. Nc3 Bc7 26. Ne4 Qe5 27. g3 a4
28. bxa4 Nc5 29. Re2 Nxe4 30. Rxe4 Qc5 31. Nb3 Qa3 32. a5 Nd7 33. Re3 Ne5 34.
Qe2 Bxh3 35. Bc2 f6 36. Rd4 Bc8 37. Kg2 Bxa5 38. Rh4 Bb6 39. c5 Bd8 40. f4 1-0

[Event "SV Letmathe 1 - SV Wattenscheid 1"]
[Site "Oberliga NRW 2015/2016"]
[Date "2015.10.25"]
[Round "2.3"]
[White "Peelen, Piet"]
[Black "Adamski, Jan"]
[Result "1/2-1/2"]
[WhiteElo "2309"]
[BlackElo "2267"]
[PlyCount "37"]
[EventDate "2015.??.??"]
[WhiteTeam "SV Wattenscheid 1"]
[BlackTeam "SV Letmathe 1"]

1. d4 Nf6 2. c4 e6 3. Nf3 Bb4+ 4. Bd2 Qe7 5. g3 Nc6 6. Nc3 d6 7. d5 exd5 8.
cxd5 Ne5 9. Nxe5 dxe5 10. Bg2 O-O 11. O-O Bd7 12. Rc1 h6 13. Qb3 a5 14. a3 Bd6
15. Nb5 Bxb5 16. Qxb5 Rfb8 17. Rfd1 b6 18. Rc6 Nd7 19. Qd3 1/2-1/2

[Event "SV Letmathe 1 - SV Wattenscheid 1"]
[Site "Oberliga NRW 2015/2016"]
[Date "2015.10.25"]
[Round "2.5"]
[White "Franke, Johannes"]
[Black "Soukup, Jiri"]
[Result "1/2-1/2"]
[WhiteElo "2257"]
[BlackElo "2308"]
[PlyCount "118"]
[EventDate "2015.??.??"]
[WhiteTeam "SV Wattenscheid 1"]
[BlackTeam "SV Letmathe 1"]

1. e4 c5 2. Nc3 Nc6 3. Bb5 g6 4. Nge2 Bg7 5. O-O Nd4 6. Bc4 d6 7. Nxd4 cxd4 8.
Qf3 e6 9. Ne2 Ne7 10. d3 Nc6 11. Bb5 O-O 12. Bxc6 bxc6 13. Qg3 e5 14. f4 f5 15.
exf5 Bxf5 16. fxe5 dxe5 17. Bg5 Qb6 18. b3 Rae8 19. Qh4 Qc5 20. g4 Be6 21.
Rxf8+ Bxf8 22. Rc1 e4 23. Bf6 Bg7 24. Bxg7 Kxg7 25. Qf2 Bxg4 26. Qxd4+ Qxd4+
27. Nxd4 c5 28. Nb5 e3 29. Nd6 Rf8 30. Ne4 Bh3 31. Re1 Rf4 32. Ng3 Rf2 33. Re2
Rf3 34. Re1 Kf6 35. Nf1 Rf2 36. Nxe3 Rd2 37. a3 h5 38. b4 cxb4 39. axb4 g5 40.
Nd5+ Kg6 41. Re3 Bg2 42. c4 h4 43. h3 Kf5 44. b5 Rb2 45. d4 Bxd5 46. Re5+ Kf4
47. cxd5 Rxb5 48. d6 Rb8 49. Ra5 Rb7 50. Kf2 g4 51. hxg4 Kxg4 52. Re5 Rf7+ 53.
Kg2 h3+ 54. Kh2 Rf2+ 55. Kg1 Rf6 56. Ra5 Rf7 57. Kh2 Kf3 58. Re5 Rd7 59. Re7
Rxd6 1/2-1/2

[Event "SV Letmathe 1 - SV Wattenscheid 1"]
[Site "Oberliga NRW 2015/2016"]
[Date "2015.10.25"]
[Round "2.6"]
[White "Gruermann, Martin"]
[Black "Hirsch, Stefan"]
[Result "0-1"]
[WhiteElo "2128"]
[BlackElo "2193"]
[PlyCount "90"]
[EventDate "2015.??.??"]
[WhiteTeam "SV Letmathe 1"]
[BlackTeam "SV Wattenscheid 1"]

1. e4 e5 2. Nf3 Nc6 3. Bb5 a6 4. Ba4 Nf6 5. d3 d6 6. c3 Be7 7. O-O O-O 8. Re1
Nb8 9. Nbd2 c5 10. Nf1 Nbd7 11. Ng3 Re8 12. Nf5 b5 13. Bb3 Nf8 14. Ng5 Ne6 15.
Qf3 Bf8 16. a4 h6 17. Nxe6 Bxe6 18. Bxe6 Rxe6 19. Be3 Nd7 20. d4 exd4 21. cxd4
Qe8 22. Bf4 Nb6 23. axb5 axb5 24. dxc5 dxc5 25. Ng3 c4 26. Red1 Na4 27. b3 Nb2
28. Rdb1 Nd3 29. bxc4 bxc4 30. Be3 Rea6 31. Rxa6 Rxa6 32. Qe2 Qa8 33. Qc2 Ra1
34. Rxa1 Qxa1+ 35. Nf1 Ne5 36. f3 Bb4 37. Qc1 Qa2 38. Bd4 Nd3 39. Qd1 Be1 40.
h3 Bf2+ 41. Bxf2 Qxf2+ 42. Kh2 Ne1 43. Ne3 Qxe3 44. Qd8+ Kh7 45. Qd5 Qf4+ 0-1

[Event "SV Letmathe 1 - SV Wattenscheid 1"]
[Site "Oberliga NRW 2015/2016"]
[Date "2015.10.25"]
[Round "2.7"]
[White "Koerber, Matthias"]
[Black "Haude, Ruediger"]
[Result "1-0"]
[WhiteElo "2139"]
[BlackElo "2035"]
[PlyCount "105"]
[EventDate "2015.??.??"]
[WhiteTeam "SV Wattenscheid 1"]
[BlackTeam "SV Letmathe 1"]

1. d4 d5 2. c4 e6 3. Nc3 Nf6 4. cxd5 exd5 5. Bg5 Be7 6. e3 c6 7. Bd3 Nbd7 8.
Qc2 O-O 9. Nf3 Re8 10. O-O Nf8 11. Rab1 Nh5 12. Bxe7 Qxe7 13. b4 Nf6 14. b5 c5
15. dxc5 Qxc5 16. Rfc1 Bg4 17. Nd4 Rac8 18. Nce2 Qb6 19. Qb3 Ne6 20. Nxe6 Bxe6
21. Nd4 Rc5 22. Rxc5 Qxc5 23. b6 a6 24. Qb4 Nd7 25. Qa4 Rd8 26. Bxh7+ Kf8 27.
Nxe6+ fxe6 28. Qf4+ Nf6 29. Bd3 Rd6 30. Bxa6 Rxb6 31. Qb8+ Ke7 32. Rxb6 Qxb6
33. Qxb7+ Qxb7 34. Bxb7 Kd6 35. Ba6 e5 36. f3 d4 37. Kf2 Kc5 38. a3 Nd5 39.
exd4+ exd4 40. g3 Kb6 41. Bd3 Ka5 42. Bc2 Kb5 43. Bb3 Nc3 44. Ke1 Nb1 45. Bc2
Nc3 46. Kd2 Kc4 47. h4 Nd5 48. Bg6 Ne3 49. g4 Ng2 50. h5 Nf4 51. Bf7+ Kc5 52.
g5 Nh3 53. h6 1-0

[Event "SV Letmathe 1 - SV Wattenscheid 1"]
[Site "Oberliga NRW 2015/2016"]
[Date "2015.10.25"]
[Round "2.8"]
[White "Pfleger, Sascha"]
[Black "Kaehmann, Joerg"]
[Result "1/2-1/2"]
[WhiteElo "1985"]
[BlackElo "2181"]
[Annotator "Hausrath,Daniel"]
[PlyCount "71"]
[EventDate "2015.??.??"]
[WhiteTeam "SV Letmathe 1"]
[BlackTeam "SV Wattenscheid 1"]

1. d4 d5 2. c4 c6 3. cxd5 cxd5 4. Nc3 Nf6 5. Nf3 Nc6 6. Bf4 Nh5 7. Bd2 Nf6 8.
Rc1 g6 9. e3 a6 10. Be2 Bg7 11. Na4 Ne4 12. O-O O-O 13. Qb3 Bg4 14. Rfd1 Rb8
15. h3 Bxf3 16. Bxf3 Nxd2 17. Rxd2 e6 18. Qb6 Qxb6 19. Nxb6 Rfd8 20. Be2 Bf8
21. a3 Bd6 22. Rdc2 Kg7 $11 23. f4 h5 24. Kf2 h4 25. Na4 Ne7 26. Nc5 Nf5 27.
Bg4 Bxc5 28. Rxc5 Nd6 29. Rc7 Kf6 30. Be2 Rdc8 31. Rxc8 Rxc8 32. Rxc8 Nxc8 33.
Kf3 Nd6 34. Bd3 Nf5 35. b3 Ke7 36. Bxf5 1/2-1/2

[Event "SF Katernberg 2 - SV Kamen 1"]
[Site "NRW-Klasse, Gruppe 1 2015/201"]
[Date "2015.10.25"]
[Round "2.1"]
[White "Weidemann, Christian"]
[Black "Rosen, Bernd"]
[Result "1/2-1/2"]
[WhiteElo "2297"]
[BlackElo "2253"]
[PlyCount "29"]
[EventDate "2015.??.??"]
[WhiteTeam "SV Kamen 1"]
[BlackTeam "SF Katernberg 2"]

1. e4 e6 2. Nf3 d5 3. exd5 exd5 4. d4 Nf6 5. Bd3 Be7 6. O-O O-O 7. Bg5 Bg4 8.
Nbd2 Nbd7 9. Re1 c5 10. c3 Re8 11. h3 Bh5 12. Qc2 c4 13. Bf5 Nf8 14. Ne5 g6 15.
Ng4 1/2-1/2

[Event "SF Katernberg 2 - SV Kamen 1"]
[Site "NRW-Klasse, Gruppe 1 2015/201"]
[Date "2015.10.25"]
[Round "2.2"]
[White "Wessendorf, Thomas"]
[Black "Huckebrink, Chris"]
[Result "1-0"]
[WhiteElo "2216"]
[BlackElo "2108"]
[PlyCount "57"]
[EventDate "2015.??.??"]
[WhiteTeam "SF Katernberg 2"]
[BlackTeam "SV Kamen 1"]

1. e4 e6 2. d4 d5 3. Nd2 dxe4 4. Nxe4 Nd7 5. Nf3 Ngf6 6. Nxf6+ Nxf6 7. Bg5 Be7
8. Bd3 O-O 9. Qe2 Nd5 10. h4 c5 11. O-O-O cxd4 12. Qe4 f5 13. Qxd4 Bf6 14. Bxf6
Qxf6 15. Bc4 Nb6 16. Bb3 Bd7 17. Rhe1 Rad8 18. Ng5 Kh8 19. Qxf6 gxf6 20. Nxe6
Bxe6 21. Rxd8 Rxd8 22. Rxe6 Nc8 23. Rxf6 Nd6 24. h5 Kg7 25. Re6 Ne4 26. h6+ Kh8
27. f3 Ng3 28. Bd5 b6 29. c4 1-0

[Event "SF Katernberg 2 - SV Kamen 1"]
[Site "NRW-Klasse, Gruppe 1 2015/201"]
[Date "2015.10.25"]
[Round "2.3"]
[White "Luetke, Jens"]
[Black "Bee, Marcus"]
[Result "1-0"]
[WhiteElo "2201"]
[BlackElo "2175"]
[PlyCount "67"]
[EventDate "2015.??.??"]
[WhiteTeam "SV Kamen 1"]
[BlackTeam "SF Katernberg 2"]

1. Nf3 g6 2. d4 Bg7 3. c4 d6 4. Nc3 Bg4 5. e3 Nc6 6. h3 Bxf3 7. Qxf3 e5 8. d5
Nce7 9. g4 Nf6 10. e4 h5 11. Be2 hxg4 12. hxg4 Rxh1+ 13. Qxh1 Kf8 14. g5 Ne8
15. Bg4 c6 16. Be3 cxd5 17. cxd5 Nc8 18. O-O-O Nb6 19. Qf1 Nd7 20. Qh3 Ke7 21.
Kb1 Nc7 22. Rc1 b5 23. Ne2 b4 24. Qh7 Ne8 25. Qg8 Nf8 26. f4 exf4 27. Nd4 Bxd4
28. Bxd4 Qa5 29. Qh8 Nd7 30. Bxd7 Kxd7 31. Qf8 Qd8 32. Qxf7+ Qe7 33. Qxf4 Rc8
34. Qg4+ 1-0

[Event "SF Katernberg 2 - SV Kamen 1"]
[Site "NRW-Klasse, Gruppe 1 2015/201"]
[Date "2015.10.25"]
[Round "2.4"]
[White "Gassmann, Volker"]
[Black "Himmel, Hansjoerg"]
[Result "0-1"]
[WhiteElo "2104"]
[BlackElo "2160"]
[PlyCount "90"]
[EventDate "2015.??.??"]
[WhiteTeam "SF Katernberg 2"]
[BlackTeam "SV Kamen 1"]

1. c4 e5 2. g3 Nf6 3. Bg2 d6 4. Nf3 g6 5. d4 Nbd7 6. b3 Bg7 7. Bb2 O-O 8. O-O
Re8 9. Nc3 c6 10. dxe5 dxe5 11. Qd6 Bf8 12. Qd2 h6 13. Rad1 Qc7 14. Qc1 a6 15.
Nd2 Nc5 16. b4 Ne6 17. Nde4 Nxe4 18. Nxe4 Bg7 19. Nd6 Rf8 20. c5 Nd4 21. Rd2
Bg4 22. Re1 Rad8 23. Qa1 Qe7 24. h3 Bc8 25. Red1 Qg5 26. Ne4 Qh5 27. g4 Qh4 28.
e3 f5 29. exd4 fxg4 30. hxg4 Bxg4 31. dxe5 Bxd1 32. Qxd1 Rxd2 33. Qxd2 Rd8 34.
Nd6 Qg4 35. Qd4 Qe6 36. Bf1 Kh7 37. Bc4 Qh3 38. Qe4 Qh5 39. Bd3 Rf8 40. a3 Rf3
41. Ne8 Rf5 42. Kf1 Qd1+ 43. Kg2 Rg5+ 44. Kh3 Qh5+ 45. Qh4 Qf3+ 0-1

[Event "SF Katernberg 2 - SV Kamen 1"]
[Site "NRW-Klasse, Gruppe 1 2015/201"]
[Date "2015.10.25"]
[Round "2.5"]
[White "Kleinegger, Frank"]
[Black "Kaeding, Rainer"]
[Result "1/2-1/2"]
[WhiteElo "2131"]
[BlackElo "2123"]
[PlyCount "39"]
[EventDate "2015.??.??"]
[WhiteTeam "SV Kamen 1"]
[BlackTeam "SF Katernberg 2"]

1. d4 d5 2. c4 e6 3. Nf3 c6 4. Nbd2 Nf6 5. g3 Bd6 6. Bg2 O-O 7. O-O Nbd7 8. Qc2
Re8 9. e4 Nxe4 10. Nxe4 dxe4 11. Qxe4 e5 12. Bg5 f6 13. Bd2 exd4 14. Qxd4 Ne5
15. Bc3 Bh3 16. Nxe5 Bxg2 17. Kxg2 Bxe5 18. Qxd8 Raxd8 19. Bxe5 Rxe5 20. Rad1
1/2-1/2

[Event "SF Katernberg 2 - SV Kamen 1"]
[Site "NRW-Klasse, Gruppe 1 2015/201"]
[Date "2015.10.25"]
[Round "2.6"]
[White "Villwock, Martin"]
[Black "Kilian, Ralf"]
[Result "0-1"]
[WhiteElo "2100"]
[BlackElo "2121"]
[PlyCount "40"]
[EventDate "2015.??.??"]
[WhiteTeam "SF Katernberg 2"]
[BlackTeam "SV Kamen 1"]

1. b3 e5 2. Bb2 d6 3. d4 Nd7 4. e4 Ngf6 5. Nc3 g6 6. f4 exd4 7. Qxd4 Bg7 8. Bd3
O-O 9. Nge2 Re8 10. Qe3 c6 11. Qf3 Nc5 12. h3 Nfxe4 13. O-O-O Nxd3+ 14. Rxd3
Bf5 15. Rdd1 Qb6 16. Rhe1 d5 17. g4 Bd7 18. f5 Qf2 19. Qd3 Nxc3 20. Bxc3 Bxc3
0-1

[Event "SF Katernberg 2 - SV Kamen 1"]
[Site "NRW-Klasse, Gruppe 1 2015/201"]
[Date "2015.10.25"]
[Round "2.7"]
[White "Georg, Heinz"]
[Black "Imcke, Patrick"]
[Result "1/2-1/2"]
[WhiteElo "2163"]
[BlackElo "2075"]
[PlyCount "93"]
[EventDate "2015.??.??"]
[WhiteTeam "SV Kamen 1"]
[BlackTeam "SF Katernberg 2"]

1. e4 e6 2. c4 d5 3. cxd5 exd5 4. exd5 Nf6 5. Nc3 Nxd5 6. Qb3 Nb6 7. Nf3 Be6 8.
Qb5+ c6 9. Qh5 Be7 10. d4 N8d7 11. Bd3 Nf6 12. Qg5 Nbd5 13. Qd2 Qa5 14. Nxd5
Qxd2+ 15. Bxd2 Bxd5 16. Ne5 O-O 17. O-O Rfe8 18. Rfe1 Rad8 19. Ba5 b6 20. Bc3
Nd7 21. Ng4 Bg5 22. Bf5 Rxe1+ 23. Rxe1 g6 24. Bxd7 Rxd7 25. f4 Be7 26. f5 f6
27. a3 Kf7 28. Rf1 Rd8 29. fxg6+ hxg6 30. Bb4 c5 31. dxc5 bxc5 32. Bc3 Rd6 33.
h4 Bb7 34. Rf4 Re6 35. Ne5+ Kg7 36. Nf3 Re4 37. Rxe4 Bxe4 38. Kf2 Kf7 39. g4
Ke6 40. Ke3 Kd5 41. Nd2 Bc2 42. h5 gxh5 43. gxh5 Bf5 44. Kf4 Bh7 45. Kf3 Ke6
46. Ne4 Bg8 47. Ng3 1/2-1/2

[Event "SC Rochade Emsdetten 1 - LSV Turm Lipps"]
[Site "NRW-Klasse, Gruppe 1 2015/201"]
[Date "2015.10.25"]
[Round "2.1"]
[White "Wehmeier, Stefan"]
[Black "Kabatianski, Alexander"]
[Result "0-1"]
[WhiteElo "2393"]
[BlackElo "2378"]
[PlyCount "54"]
[EventDate "2015.??.??"]
[WhiteTeam "LSV Turm Lippstadt 1"]
[BlackTeam "SC Rochade Emsdetten 1"]

1. d4 Nf6 2. c4 e6 3. Nf3 b6 4. Bf4 Bb7 5. e3 Bb4+ 6. Nfd2 O-O 7. Bd3 d5 8. O-O
c5 9. dxc5 Bxc5 10. Qe2 Nc6 11. a3 d4 12. b4 Be7 13. b5 Na5 14. exd4 Qxd4 15.
Be5 Qg4 16. f3 Qg5 17. Nc3 Rad8 18. Rfe1 Bc5+ 19. Kh1 Bd4 20. Bxd4 Rxd4 21.
Rad1 Qc5 22. Be4 Qxa3 23. Qe3 Rfd8 24. Bd5 Rh4 25. Bxb7 Nxb7 26. Ra1 Qd6 27.
Rxa7 Qxh2# 0-1

[Event "SC Rochade Emsdetten 1 - LSV Turm Lipps"]
[Site "NRW-Klasse, Gruppe 1 2015/201"]
[Date "2015.10.25"]
[Round "2.2"]
[White "Lehmann, Holger"]
[Black "Wagner, Alexej"]
[Result "0-1"]
[WhiteElo "2153"]
[BlackElo "2229"]
[PlyCount "48"]
[EventDate "2015.??.??"]
[WhiteTeam "SC Rochade Emsdetten 1"]
[BlackTeam "LSV Turm Lippstadt 1"]

1. d4 d5 2. c4 dxc4 3. Nf3 Nf6 4. e3 e6 5. Bxc4 a6 6. a4 c5 7. O-O Nc6 8. Qe2
cxd4 9. Rd1 Be7 10. exd4 O-O 11. Nc3 Nd5 12. Bd3 Ncb4 13. Bb1 b6 14. Ne5 Bb7
15. Ra3 Rc8 16. Bxh7+ Kxh7 17. Qh5+ Kg8 18. Ne4 Rxc1 19. Rxc1 Nf4 20. Qg4 Qxd4
21. Qxf4 Qxe4 22. Qxe4 Bxe4 23. Nd7 Rd8 24. Nxb6 Nd3 0-1

[Event "SC Rochade Emsdetten 1 - LSV Turm Lipps"]
[Site "NRW-Klasse, Gruppe 1 2015/201"]
[Date "2015.10.25"]
[Round "2.3"]
[White "Hecht, Carsten"]
[Black "Paalman, Henk-Jan"]
[Result "1-0"]
[WhiteElo "2167"]
[BlackElo "2128"]
[Annotator "Hausrath,Daniel"]
[PlyCount "85"]
[EventDate "2015.??.??"]
[WhiteTeam "LSV Turm Lippstadt 1"]
[BlackTeam "SC Rochade Emsdetten 1"]

1. e4 e6 2. d4 d5 3. Nc3 Nf6 4. e5 Nfd7 5. f4 c5 6. Nf3 Nc6 7. Be3 Be7 8. Be2
b6 9. O-O Bb7 10. Qd2 O-O 11. Rad1 a6 12. f5 exf5 13. Nxd5 Nxd4 14. Nxe7+ Qxe7
15. Nxd4 cxd4 16. Qxd4 Rfd8 17. Qd6 Qxd6 18. Rxd6 Nxe5 19. Rxd8+ Rxd8 20. Bxb6
Rc8 21. Rd1 f6 22. Rd8+ Rxd8 23. Bxd8 Kf7 24. a4 Ke6 25. a5 f4 26. Kf2 g5 27.
Bc7 Kf5 28. b4 g4 29. b5 axb5 30. Bxb5 h5 31. a6 Ba8 32. g3 fxg3+ 33. hxg3 Ke6
$11 34. Bxe5 Kxe5 35. Be8 f5 36. Bxh5 Kd4 37. Bg6 Kc5 38. Bxf5 Kb6 39. Bd3 Bd5
40. Ke3 Be6 41. Kf4 Bd7 42. Bf5 Bb5 43. Kxg4 1-0

[Event "SC Rochade Emsdetten 1 - LSV Turm Lipps"]
[Site "NRW-Klasse, Gruppe 1 2015/201"]
[Date "2015.10.25"]
[Round "2.4"]
[White "Mueller, Achim"]
[Black "Meier, Jan"]
[Result "0-1"]
[WhiteElo "2077"]
[BlackElo "2041"]
[PlyCount "80"]
[EventDate "2015.??.??"]
[WhiteTeam "SC Rochade Emsdetten 1"]
[BlackTeam "LSV Turm Lippstadt 1"]

1. e4 c5 2. c3 d5 3. exd5 Qxd5 4. d4 Nf6 5. Nf3 e6 6. Na3 a6 7. Nc2 Nc6 8. Be2
Be7 9. O-O O-O 10. c4 Qd8 11. Bg5 b6 12. Ne5 Bb7 13. Bf3 Qc8 14. Ng4 Nxg4 15.
Bxe7 Nxf2 16. Rxf2 Nxe7 17. Bxb7 Qxb7 18. dxc5 bxc5 19. Qd6 Nf5 20. Qe5 Rad8
21. Re1 Qc6 22. g4 Nd4 23. Qe4 Qxe4 24. Rxe4 Nc6 25. a3 Rb8 26. Ne1 Rfd8 27.
Kg2 Rd4 28. Rxd4 cxd4 29. b4 Ne5 30. c5 Nxg4 31. Rf4 Ne3+ 32. Kf3 e5 33. Rh4 f5
34. Ke2 e4 35. Rh3 a5 36. c6 axb4 37. c7 Rc8 38. axb4 Rxc7 39. Rxe3 dxe3 40.
Kxe3 Rc4 0-1

[Event "SC Rochade Emsdetten 1 - LSV Turm Lipps"]
[Site "NRW-Klasse, Gruppe 1 2015/201"]
[Date "2015.10.25"]
[Round "2.6"]
[White "Topp, Michael"]
[Black "Roemhild, Marcus"]
[Result "0-1"]
[WhiteElo "2026"]
[BlackElo "2007"]
[PlyCount "72"]
[EventDate "2015.??.??"]
[WhiteTeam "SC Rochade Emsdetten 1"]
[BlackTeam "LSV Turm Lippstadt 1"]

1. d4 Nf6 2. c4 c5 3. d5 b5 4. cxb5 a6 5. f3 Qa5+ 6. Bd2 Qxb5 7. Bc3 Qb7 8. e4
e6 9. Bc4 d6 10. dxe6 Bxe6 11. Nd2 Be7 12. Ne2 O-O 13. O-O d5 14. exd5 Nxd5 15.
Bxd5 Bxd5 16. Nf4 Bc6 17. Nc4 Bb5 18. Qb3 Ra7 19. Rfd1 Nc6 20. Na5 Nxa5 21.
Bxa5 Bf6 22. Bc3 Bg5 23. Be5 Re8 24. Qd5 Qxd5 25. Rxd5 Rxe5 26. Rxe5 Bxf4 27.
Re4 Bg5 28. Rd1 h6 29. Rd6 Be7 30. Rb6 Kh7 31. b3 c4 32. Rb8 Bc5+ 33. Kh1 Rd7
34. Re1 c3 35. Rc8 Rd5 36. h4 c2 0-1

[Event "SC Rochade Emsdetten 1 - LSV Turm Lipps"]
[Site "NRW-Klasse, Gruppe 1 2015/201"]
[Date "2015.10.25"]
[Round "2.7"]
[White "Tran, Duc Cuong"]
[Black "Lemli, Thomas"]
[Result "0-1"]
[WhiteElo "2094"]
[BlackElo "1992"]
[PlyCount "54"]
[EventDate "2015.??.??"]
[WhiteTeam "LSV Turm Lippstadt 1"]
[BlackTeam "SC Rochade Emsdetten 1"]

1. d4 d5 2. c4 c6 3. Nc3 dxc4 4. e4 b5 5. a4 b4 6. Nce2 e6 7. Ng3 Ba6 8. Be3
Nf6 9. Rc1 c3 10. bxc3 bxc3 11. Bxa6 Nxa6 12. N1e2 Bb4 13. O-O O-O 14. Bg5 Be7
15. Nxc3 c5 16. d5 Nxd5 17. Bxe7 Nxe7 18. Qe2 Qa5 19. Qc4 Nc6 20. Qb5 Nab4 21.
Rfd1 a6 22. Qe2 Rfd8 23. Qg4 Ne5 24. Qg5 Qc7 25. Nce2 Nbd3 26. Rc3 c4 27. f4
Qb6+ 0-1

[Event "SC Rochade Emsdetten 1 - LSV Turm Lipps"]
[Site "NRW-Klasse, Gruppe 1 2015/201"]
[Date "2015.10.25"]
[Round "2.8"]
[White "Sommer, Uwe"]
[Black "Laurenz, Waldemar"]
[Result "1-0"]
[WhiteElo "2060"]
[BlackElo "1952"]
[PlyCount "85"]
[EventDate "2015.??.??"]
[WhiteTeam "SC Rochade Emsdetten 1"]
[BlackTeam "LSV Turm Lippstadt 1"]

1. e4 c5 2. Nf3 a6 3. d4 cxd4 4. Nxd4 Nf6 5. Nc3 e5 6. Nf5 d5 7. Ng3 d4 8. Nb1
Be6 9. Be2 Nc6 10. O-O Be7 11. Nd2 Rc8 12. a3 O-O 13. Nf3 h6 14. Bd3 Qb6 15. b4
Qc7 16. Bd2 Na7 17. Qc1 Kh7 18. Nxe5 Ng8 19. f4 Kh8 20. Nf3 Nc6 21. Qe1 Bg4 22.
Qf2 Rcd8 23. h3 Bc8 24. Ne2 Qd7 25. Qg3 Qe8 26. Rae1 f5 27. e5 Be6 28. Nh4 Bxh4
29. Qxh4 Qe7 30. Qg3 Qf7 31. Kh2 Nge7 32. Ng1 Qg6 33. Qf2 Qf7 34. Nf3 b5 35.
Ra1 Bc4 36. Qe2 Qd5 37. Be1 Qe4 38. Qd2 Bxd3 39. cxd3 Qe3 40. Bh4 Rd7 41. Qc2
Rc8 42. Rae1 Nd8 43. Qb1 1-0

[Event "SK Werther 1 - Bahn-SC Wuppertal 1"]
[Site "NRW-Klasse, Gruppe 1 2015/201"]
[Date "2015.10.25"]
[Round "2.1"]
[White "Khanukov, Boris"]
[Black "Suchland, Marko"]
[Result "1-0"]
[WhiteElo "2231"]
[BlackElo "2152"]
[Annotator "Hausrath,Daniel"]
[PlyCount "117"]
[EventDate "2015.??.??"]
[WhiteTeam "Bahn-SC Wuppertal 1"]
[BlackTeam "SK Werther 1"]

1. d4 Nf6 2. Nf3 g6 3. c4 Bg7 4. g3 O-O 5. Bg2 d6 6. Nc3 c6 7. O-O Qa5 8. e4
Bg4 9. h3 Bxf3 10. Bxf3 Nbd7 11. Rb1 c5 12. dxc5 Qxc5 13. Be2 a6 14. Be3 Qa5
15. Qd2 Rfc8 16. Rfc1 Rab8 17. Kg2 Qd8 18. f3 h5 19. Nd5 a5 20. b3 Kh7 21. a3
Nc5 22. b4 axb4 23. axb4 Nxd5 24. exd5 Nd7 25. f4 Nf6 26. Qd3 Qd7 27. Bf3 Ra8
28. Rc2 e6 29. dxe6 fxe6 30. g4 e5 31. gxh5 exf4 32. hxg6+ Kh8 33. Bxf4 d5 34.
Bg3 Rxc4 35. Rxc4 dxc4 36. Qxd7 Ra2+ 37. Bf2 Nxd7 38. Rd1 Nf8 39. Bd5 b5 40.
Bf7 Bf6 41. Kf3 Kg7 42. Rd6 Ra3+ 43. Kg4 Rd3 $11 44. Rxd3 cxd3 45. Be1 Nd7 46.
Kf5 Bb2 47. Ke4 Ne5 48. Bd2 Nxf7 49. gxf7 Kxf7 50. Kxd3 Kg6 51. Bc3 Ba3 52. Be1
Kh5 53. Kc3 Bc1 54. Kd4 Kg5 55. Kc5 Kf4 56. Kxb5 Kf3 57. Kc6 Kg2 58. h4 Bf4 59.
b5 1-0